New Zealand Rugby All Blacks - Played 50 or more tests with Richie McCaw as captain - Statistics

General Stats
  • This quiz has been taken 204 times
    154 since last reset
  • The average score is 10 of 12
Answer Stats
Tests Player % Correct
70 Conrad Smith
98%
76 Daniel Carter
95%
74 Ma'a Nonu
95%
67 Kieran Read
93%
79 Keven Mealamu
92%
60 Sam Whitelock
92%
84 Tony Woodcock
90%
66 Owen Franks
82%
54 Jerome Kaino
78%
55 Mils Muliaina
71%
60 Andrew Hore
59%
53 Piri Weepu
46%
No matching quizzes found
Score Distribution
Percent of People with Each Score
Percentile by Number Answered
Your Score History
You have not taken this quiz since the last reset